00213nam a2200085Ia 4500008004100000041000800041082001600049100001800065245004400083240625s9999 xx 000 0 und d aeng a658.421 KAP aKAPLAN JACK M aPATTERNS OF ENTREPRENEURSHIP MANAGEMENT